000
00328nam a22001457a 4500
020
_a
978-93-83080-47-2
082
_a
030
_b
JOS/H
100
_a
JOS, K D
245
_a
HINDI MALAYALAM DICTIONARY
250
_a
16TH EDITION
260
_a
TRICHUR
_b
H & C STORES
_c
2014
300
_a
512
650
_a
DICTIONARY
_z
INDIA
942
_c
BK
999
_c
2116
_d
2116